Principles of Corporate Finance (Record no. 11518)

MARC details
000 -LEADER
fixed length control field 00461nam a22001937a 4500
003 - CONTROL NUMBER IDENTIFIER
control field OSt
008 - FIXED-LENGTH DATA ELEMENTS--GENERAL INFORMATION
fixed length control field 220906b ||||| |||| 00| 0 eng d
020 ## - INTERNATIONAL STANDARD BOOK NUMBER
International Standard Book Number 9789353163631
082 ## - DEWEY DECIMAL CLASSIFICATION NUMBER
Classification number 658.15 BRP
100 ## - MAIN ENTRY--PERSONAL NAME
Personal name BREALEY,RICHARD A
245 ## - TITLE STATEMENT
Title Principles of Corporate Finance
250 ## - EDITION STATEMENT
Edition statement 12th
260 ## - PUBLICATION, DISTRIBUTION, ETC. (IMPRINT)
Place of publication, distribution, etc New Delhi
Name of publisher, distributor, etc TMH
Date of publication, distribution, etc 2022
650 ## - SUBJECT ADDED ENTRY--TOPICAL TERM
Topical term or geographic name as entry element MBA
700 ## - ADDED ENTRY--PERSONAL NAME
Personal name MYERS,Stewart C
700 ## - ADDED ENTRY--PERSONAL NAME
Personal name ALLEN,Franklin
700 ## - ADDED ENTRY--PERSONAL NAME
Personal name MOHANTY,Pitabas
942 ## - ADDED ENTRY ELEMENTS (KOHA)
Source of classification or shelving scheme Dewey Decimal Classification
Koha item type Text Books
Holdings
Withdrawn status Lost status Source of classification or shelving scheme Damaged status Not for loan Collection code Home library Current library Date acquired Source of acquisition Currency Cost, normal purchase price Bill Number Total Checkouts Full call number Acc. no. / Barcode Date last seen Actual Cost, discounted price Bill Date Koha item type Date last borrowed
    Dewey Decimal Classification     MBA PIET C-LIBRARY PIET C-LIBRARY 29/08/2022 Kirti Praskshan IN Rupees 925.00 IN855   658.15 BRP 33926 06/09/2022 629.00 29/08/2022 Text Books  
    Dewey Decimal Classification     MBA PIET C-LIBRARY PIET C-LIBRARY 29/08/2022 Kirti Praskshan IN Rupees 925.00 IN855 3 658.15 BRP 33927 15/03/2024 629.00 29/08/2022 Text Books 23/02/2024
    Dewey Decimal Classification     MBA PIET C-LIBRARY PIET C-LIBRARY 29/08/2022 Kirti Praskshan IN Rupees 925.00 IN855   658.15 BRP 33928 06/09/2022 629.00 29/08/2022 Text Books  
    Dewey Decimal Classification     MBA PIET C-LIBRARY PIET C-LIBRARY 29/08/2022 Kirti Praskshan IN Rupees 925.00 IN855 2 658.15 BRP 33929 30/01/2024 629.00 29/08/2022 Text Books 15/01/2024
    Dewey Decimal Classification     MBA PIET C-LIBRARY PIET C-LIBRARY 29/08/2022 Kirti Praskshan IN Rupees 925.00 IN855   658.15 BRP 33930 06/09/2022 629.00 29/08/2022 Text Books  

Design & Developed by: PIET Central Library
R70 Miles Stone Pattikalyana Samalkha Panipat 132102
mail ID :- [email protected], Phone No:- 0180-2569700 Ex.216